logo

Bir Sreshtho Munshi Abdur Rouf Library
Jhenaidah Cadet College

সুস্থ থাকতে খাওয়াদাওয়ায় শাকসবজি মশলাপাতি / (Record no. 10730)

MARC details
000 -LEADER
fixed length control field 00781nam a2200217 a 4500
001 - CONTROL NUMBER
JCCL Control Number 107302
003 - CONTROL NUMBER IDENTIFIER
JCCL marc code BD-JhCC
005 - DATE AND TIME OF LATEST TRANSACTION
control field 20191117134007.0
008 - FIXED-LENGTH DATA ELEMENTS--GENERAL INFORMATION
fixed length control field 180815s2016 ii |||| |||| 000 0 ben d
020 ## - INTERNATIONAL STANDARD BOOK NUMBER
International Standard Book Number 9788172152529
035 ## - SYSTEM CONTROL NUMBER
system control number (BD-JhCC)10730
040 ## - CATALOGING SOURCE
Original cataloging agency BD-JhCC
Modifying agency BD-JhCC
041 ## - LANGUAGE CODE
Language code of Book ben
082 ## - DEWEY DECIMAL CLASSIFICATION NUMBER
Classification number 613.2
Author mark and Year MOK 2016
100 ## - MAIN ENTRY--PERSONAL NAME
Personal name মুখোপাধ্যায়, সাধনা
245 ## - TITLE STATEMENT
Title সুস্থ থাকতে খাওয়াদাওয়ায় শাকসবজি মশলাপাতি /
Statement of responsibility, etc সাধনা মুখোপাধ্যায়,
260 ## - PUBLICATION, DISTRIBUTION, ETC. (IMPRINT)
Place of publication, distribution, etc কলিকাতা :
Name of publisher, distributor, etc আনন্দ,
Date of publication, distribution, etc ২০১৬.
300 ## - PHYSICAL DESCRIPTION
Pagination ২৬২ পৃ. :
Dimensions ১৮ সেমি.
650 ## - SUBJECT ADDED ENTRY--TOPICAL TERM
Topical term or geographic name as entry element health and hygiene
942 ## - ADDED ENTRY ELEMENTS (KOHA)
Source of classification or shelving scheme Dewey Decimal Classification
Koha item type Books
Koha issues (borrowed), all copies 2
Holdings
Source of classification or shelving scheme Damaged status Not for loan Home library Current library Shelving location Date of accession Cost, normal purchase price Total Checkouts Full call number Barcode Date last seen Copy number Koha item type Date checked out
Dewey Decimal Classification     JCC Rouf Library JCC Rouf Library General Stacks 08/15/2018 150.00   613.2 MOK 2016 14516 08/15/2018 C-1 Books  
Dewey Decimal Classification     JCC Rouf Library JCC Rouf Library General Stacks 08/15/2018 150.00 1 613.2 MOK 2016 14515 11/02/2020 C-2 Books 11/16/2019

JCC Library | Contacts | JCC Home

Last Update on 23 September 2017
Copyright @ 2017-2020 JCC Rouf Library
Rouf Library, Jhenidah Cadet College (JCC), Bangladesh